LEADER 01672nas 22005653a 450 001 996336182003316 005 20230222213018.0 011 $a1945-7049 035 $a(OCoLC)60624596 035 $a(CKB)954927723515 035 $a(CONSER)--2008215538 035 $a(EXLCZ)99954927723515 100 $a20050614a19939999 s-- a 101 0 $aeng 135 $aurun||||||||| 181 $ctxt$2rdacontent 182 $cc$2rdamedia 183 $acr$2rdacarrier 200 10$aJournal of nursing measurement 210 $aNew York $cSpringer Pub. Co 300 $aRefereed/Peer-reviewed 311 $a1061-3749 531 $aJ NURS MEAS 531 0 $aJ. nurs. meas. 606 $aNursing$xResearch$vPeriodicals 606 $aNursing audit$vPeriodicals 606 $aData Collection$xmethods 606 $aData Collection$xinstrumentation 606 $aNursing Assessment 606 $aOutcome and Process Assessment, Health Care 606 $aNursing audit$2fast$3(OCoLC)fst01041879 606 $aNursing$xResearch$2fast$3(OCoLC)fst01041814 608 $aPeriodical 608 $aNurses Instruction 608 $aPeriodicals.$2fast 608 $aPeriodicals.$2lcgft 615 0$aNursing$xResearch 615 0$aNursing audit 615 2$aData Collection$xmethods 615 2$aData Collection$xinstrumentation 615 2$aNursing Assessment 615 2$aOutcome and Process Assessment, Health Care 615 7$aNursing audit. 615 7$aNursing$xResearch. 676 $a610 676 $a610 906 $aJOURNAL 912 $a996336182003316 996 $aJournal of nursing measurement$91914722 997 $aUNISA LEADER 00849nam a2200253 i 4500 001 991001694719707536 005 20020507150646.0 008 011106s1951 it ||| | ita 035 $ab11550685-39ule_inst 035 $aLE02723381$9ExL 040 $aDip.to Studi Giuridici$bita 082 0 $a345.45 100 1 $aPetrocelli, Biagio$0225554 245 12$aL'antigiuridicità /$cBiagio Petrocelli 250 $a2. ed. riveduta 260 $aPadova :$bCEDAM,$c1951 300 $aviii, 152 p. ;$c26 cm. 650 4$aIllecito 907 $a.b11550685$b02-04-14$c02-07-02 912 $a991001694719707536 945 $aLE027 345.45 PET01.04$g1$i2027000025862$lle027$o-$pE0.00$q-$rl$s- $t0$u3$v8$w3$x0$y.i11750492$z02-07-02 996 $aAntigiuridicità$9586426 997 $aUNISALENTO 998 $ale027$b01-01-01$cm$da $e-$fita$git $h2$i1 LEADER 04866nam 2200757 450 001 9910821247203321 005 20230803033751.0 010 $a3-11-028540-1 024 7 $a10.1515/9783110285406 035 $a(CKB)3390000000036835 035 $a(EBL)894046 035 $a(SSID)ssj0001002021 035 $a(PQKBManifestationID)11532417 035 $a(PQKBTitleCode)TC0001002021 035 $a(PQKBWorkID)10968098 035 $a(PQKB)11088621 035 $a(DE-B1597)176357 035 $a(OCoLC)859534271 035 $a(OCoLC)865847104 035 $a(DE-B1597)9783110285406 035 $a(Au-PeEL)EBL894046 035 $a(CaPaEBR)ebr10786176 035 $a(CaONFJC)MIL807834 035 $a(OCoLC)851260370 035 $a(MiAaPQ)EBC894046 035 $a(EXLCZ)993390000000036835 100 $a20131027h20132013 uy 0 101 0 $aeng 135 $aurnn#---|u||u 181 $ctxt 182 $cc 183 $acr 200 00$aIslamic theology, philosophy and law $edebating Ibn Taymiyya and Ibn Qayyim al-Jawziyya /$fedited by Birgit Krawietz and Georges Tamer ; in collaboration with Alina Kokoschka 210 1$aBerlin ;$aBoston :$cDe Gruyter,$d[2013] 210 4$d©2013 215 $a1 online resource (592 p.) 225 0 $aStudien zur Geschichte und Kultur des islamischen Orients ;$vN.F. 27 300 $aDescription based upon print version of record. 311 0 $a3-11-028534-7 320 $aIncludes bibliographies and index. 327 $tFront matter --$tTable of Contents --$tAcknowledgements --$tAppropriation of Ibn Taymiyya and Ibn Qayyim al-Jawziyya /$rKokoschka, Alina / Krawietz, Birgit --$tSection 1: Human Agency --$tDivine Wisdom, Human Agency and the fi?ra in Ibn Taymiyya's Thought /$rÖzervarli, M. Sait --$tDebating the Doctrine of jabr (Compulsion) /$rHoltzman, Livnat --$tIbn Qayyim al-Jawziyya's Manipulation of Sufi Terms /$rSchallenbergh, Gino --$tSection 2: The Career of Books --$tIbn al-Qayyim's Kit?b al-R?? /$rLangermann, Y. Tzvi --$tThe Relation of Ibn Taymiyya and Ibn Qayyim al-Jawziyya to the ?anbal? School of Law /$rMelchert, Christopher --$tScreening ?idd?q ?asan Kh?n's Library /$rPreckel, Claudia --$tIbn Qayyim al-Jawziyya in the "Lands Below the Wind" /$rArif, Syamsuddin --$tSection 3: Philosophy --$tThe Poison of Philosophy /$rvon Kügelgen, Anke --$tThe Curse of Philosophy /$rTamer, Georges --$tSection 4: Inclusion and Exclusion in Islamic Theology and Law --$tAgainst Islamic Universalism /$rHoover, Jon --$tLaw and Order According to Ibn Taymiyya and Ibn Qayyim al-Jawziyya /$rBelhaj, Abdessamad --$tIbn Qayyim al-Jawziyya's Attitude Toward Christianity in Hid?yat al-?ay?r? f? ajwibat al-yah?d wal-na??r? /$rSchlosser, Dominik --$tSection 5: Creative Reception Outside the Arab World --$tIbn Taymiyya and Ibn Qayyim al-Jawziyya as Changing Salafi Icons /$rBöttcher, Annabelle --$tIbn Taymiyya's Worldview and the Challenge of Modernity /$rRiexinger, Martin --$tBibliography --$tIndex 330 $aA unique collection of studies, the present volume sheds new light on central themes of Ibn Taymiyya's (661/1263-728/1328) and Ibn Qayyim al-Jawziyya's (691/1292-751/1350) thought and the relevance of their ideas to diverse Muslim societies. Investigating their positions in Islamic theology, philosophy and law, the contributions discuss a wide range of subjects, e.g. law and order; the divine compulsion of human beings; the eternity of eschatological punishment; the treatment of Sufi terminology; and the proper Islamic attitude towards Christianity. Notably, a section of the book is dedicated to analyzing Ibn Taymiyya's struggle for and against reason as well as his image as a philosopher in contemporary Islamic thought. Several articles present the influential legacy of both thinkers in shaping an Islamic discourse facing the challenges of modernity. This volume will be especially useful for students and scholars of Islamic studies, philosophy, sociology, theology, and history of ideas. 410 0$aStudien zur Geschichte und Kultur des islamischen Orients 606 $aHanbalites$xHistory 606 $aIslam$xDoctrines$xHistory 606 $aIslamic law$xHistory 610 $aIslamic Law. 610 $aIslamic Philosophy. 610 $aIslamic Reform. 610 $aIslamic Religion. 615 0$aHanbalites$xHistory. 615 0$aIslam$xDoctrines$xHistory. 615 0$aIslamic law$xHistory. 676 $a181 676 $a297.2092/2 676 $a297.20922 701 $aKokoschka$b Alina$01724013 701 $aKrawietz$b Birgit$0550233 701 $aTamer$b Georges$01678262 801 0$bMiAaPQ 801 1$bMiAaPQ 801 2$bMiAaPQ 906 $aBOOK 912 $a9910821247203321 996 $aIslamic theology, philosophy and law$94125729 997 $aUNINA